Loading...
| History - European | 1 | 0 | 0 | 0 | 15 | 73 | 73.00 | 1 | 1 | 4.25 | 10.00 |
| Fine Arts - Other | 0 | 1 | 0 | 0 | 10 | 149 | 149.00 | 0 | 1 | 0.13 | 2.50 |
| Science - Biology | 0 | 1 | 0 | 0 | 10 | 102 | 102.00 | 0 | 1 | 1.43 | 5.00 |
| Other Academic | 0 | 1 | 0 | 1 | 10 | 132 | 132.00 | 0 | 1 | 0.38 | 12.50 |
| Philosophy | 0 | 1 | 0 | 0 | 10 | 104 | 104.00 | 0 | 1 | 2.62 | 5.00 |
| Fine Arts - Auditory | 0 | 1 | 0 | 0 | 10 | 133 | 133.00 | 0 | 1 | 0.07 | 7.50 |
| Literature - British | 0 | 1 | 0 | 0 | 10 | 131 | 131.00 | 0 | 1 | 0.58 | 5.00 |
| Literature - European | 0 | 1 | 0 | 0 | 10 | 138 | 138.00 | 0 | 1 | 0.68 | 5.00 |
| Literature - World | 0 | 1 | 0 | 0 | 10 | 129 | 129.00 | 0 | 1 | 0.08 | 5.00 |
| History - World | 0 | 1 | 1 | 0 | 5 | 95 | 95.00 | 1 | 1 | 2.18 | 9.09 |
| History - American | 0 | 0 | 1 | 0 | -5 | 0.00 | 0 | 0 | 0.00 | 0.00 | |
| Religion | 0 | 0 | 1 | 0 | -5 | 0.00 | 0 | 0 | 0.00 | 0.00 |